000
00304nam a2200109Ia 4500
008
230907s9999||||xx |||||||||||||| ||und||
082
_a
620.14
_b
ADV
245
0
_a
Advances in materials science for environmental and energy technologies III /
260
_c
2014
300
_a
ix, 322 pages :
942
_c
BK
999
_c
598996
_d
598996